Welcome to WEB OPAC of MRSPTU Central Library

Operations research : Introduction to management science (Record no. 6210)

MARC details
000 -LEADER
fixed length control field 00457nam a2200181Ia 4500
008 - FIXED-LENGTH DATA ELEMENTS--GENERAL INFORMATION
fixed length control field 230711s9999||||xx |||||||||||||| ||und||
020 ## - INTERNATIONAL STANDARD BOOK NUMBER
International Standard Book Number 93-5161-023-3
041 ## - LANGUAGE CODE
Language code of text/sound track or separate title ENG
082 ## - DEWEY DECIMAL CLASSIFICATION NUMBER
Classification number 658.4034
100 ## - MAIN ENTRY--PERSONAL NAME
Personal name Swarup,Kanti
245 #0 - TITLE STATEMENT
Title Operations research : Introduction to management science
250 ## - EDITION STATEMENT
Edition statement 18th Ed.
260 ## - PUBLICATION, DISTRIBUTION, ETC.
Date of publication, distribution, etc. 2017
Place of publication, distribution, etc. New Delhi
Name of publisher, distributor, etc. Sultan Chand & Sons
300 ## - PHYSICAL DESCRIPTION
Extent 1074p.
650 ## - SUBJECT ADDED ENTRY--TOPICAL TERM
Topical term or geographic name entry element Mathematics
700 ## - ADDED ENTRY--PERSONAL NAME
Personal name Gupta,P.K
942 ## - ADDED ENTRY ELEMENTS (KOHA)
Koha item type Book
Holdings
Withdrawn status Lost status Damaged status Not for loan Collection Home library Current library Date acquired Cost, normal purchase price Inventory number Total checkouts Full call number Barcode Date last seen Price effective from Koha item type Date due Date last checked out
          MRSPTU Central Library MRSPTU Central Library   625.00 KBD/2016-2017/959742808   658.4034 34875 08/17/2023 08/17/2023 Book    
          MRSPTU Central Library MRSPTU Central Library   625.00 KBD/2016-2017/959742808 16 658.4034 34876 04/22/2026 08/17/2023 Book 05/13/2026 04/22/2026
          MRSPTU Central Library MRSPTU Central Library   625.00 KBD/2016-2017/959742808 6 658.4034 34877 01/08/2026 08/17/2023 Book   07/25/2025
          MRSPTU Central Library MRSPTU Central Library   625.00 KBD/2016-2017/959742808 9 658.4034 34878 01/08/2026 08/17/2023 Book   11/10/2025

Website Designed and Developed by MRSPTU Central Library Team

E-mail Id: librarian@mrsptu.ac.in